Normal view MARC view

Entry Corporate Name

Number of records used in: 1

001 - CONTROL NUMBER

  • control field: 6380

003 - CONTROL NUMBER IDENTIFIER

  • control field: OSt

005 - DATE AND TIME OF LATEST TRANSACTION

  • control field: 20120110143613.0

008 - FIXED-LENGTH DATA ELEMENTS

  • fixed length control field: 120110|||a|||||| | ||| d

040 ## - CATALOGING SOURCE

  • Original cataloging agency: OSt
  • Transcribing agency: OSt

110 ## - HEADING--CORPORATE NAME

  • Corporate name or jurisdiction name as entry element: Uganda.
  • Subordinate unit: Supreme Court.

670 ## - SOURCE DATA FOUND

  • Source citation: Work cat.: (OSt): Kampala Law Reports, 2001 /, [1990-